[Event "2023 Spring TNM: 2000+"]
[Site "San Francisco"]
[Date "2023.03.07"]
[Round "1"]
[Board "1"]
[White "Widjaja, Luke"]
[Black "Xia, Yusheng"]
[Result "1-0"]
[WhiteElo "2085"]
[BlackElo "2263"]
[Annotator "Winslow,Elliott"]
[PlyCount "65"]
[EventDate "2023.??.??"]

1. e4 e6 2. d4 d5 3. e5 c5 4. c3 Nc6 5. Nf3 Bd7 6. Be2 Nge7 7. Na3 cxd4 8. cxd4
Nf5 9. Nc2 Be7 10. O-O O-O 11. Bd3 Rc8 12. Kh1 Kh8 {[#]} 13. g4 Nh4 14. Nxh4
Bxh4 15. g5 Bxg5 16. Qh5 h6 17. f4 g6 18. Qh3 Bh4 19. Rg1 h5 20. Bd2 Bf2 21.
Rg5 Rg8 {[#]} 22. f5 Rg7 23. fxg6 fxg6 24. Bxg6 Kg8 25. Rxh5 Rxg6 26. Rh8+ Kf7
27. Qh7+ Rg7 28. Qh5+ Ke7 29. Bg5+ Rxg5 30. Qxg5+ Kf7 31. Rh7+ Kf8 32. Qg7+ Ke8
33. Qf7# 1-0

[Event "2023 Spring TNM: 2000+"]
[Site "San Francisco"]
[Date "2023.03.07"]
[Round "1"]
[Board "2"]
[White "Diaz, Conrado"]
[Black "Handigol, Abhishek"]
[Result "1-0"]
[WhiteElo "2262"]
[BlackElo "2074"]
[Annotator "Winslow,Elliott"]
[PlyCount "91"]
[EventDate "2023.??.??"]

1. d4 Nf6 2. Nf3 d5 3. Bg5 c5 4. Bxf6 gxf6 5. c3 Nc6 6. e3 e5 7. Nbd2 Bg4 8.
Qb3 Rb8 9. Bb5 Bg7 10. dxc5 O-O {[#]} 11. O-O Qe7 12. Qxd5 Rfd8 13. Qc4 Be6 14.
Qh4 Qxc5 15. Ba4 Bf5 16. Ne4 Qe7 17. Ng3 Bg6 18. e4 b5 19. Bb3 Na5 20. Bd5 Nc4
21. Qg4 (21. b3 Nb6 22. c4) 21... Nxb2 $6 (21... Nb6 22. Bb3 Qd7 {is still
pretty good for White, but Black might yet hold the fort.}) 22. h4 $2 {[#]}
(22. Nh4 $1 {establishes a knight on f5, *then* h4-h5 is even better.}) 22...
f5 $2 {Black had his big chance right now:} (22... Rxd5 $1 23. exd5 h5 $1 24.
Qb4 (24. Nxh5 $4 f5 $19) (24. Nf5 Qc5 25. Qh3 Bf8 $132) 24... Qxb4 25. cxb4 Bh6
$14 {Black isn't so badly off at all. Two bishops often match up well against
rook and knight, and this position is typical.}) 23. Nxf5 $18 {Now White
establishes a grip to go with the extra pawn.} Bxf5 24. Qxf5 Qf6 25. Qxf6 $6
{White should keep the queens on (h5 or g4).} Bxf6 $16 26. Rab1 Na4 27. Rfc1
Rdc8 28. c4 b4 29. g3 $6 {"Uberluft"} (29. Rb3 Nc5 30. g4 $16 {Or should *this*
be "uberluft"? I should leave the German word creation to Germans...}) 29...
Nc3 $14 {/=} 30. Rxc3 $1 {Best practical try!} bxc3 31. Rc1 Rb2 32. Rxc3 Rxa2
{Hard to refuse} 33. c5 Ra1+ 34. Kg2 Kf8 $6 (34... h5 $1) 35. c6 $16 (35. g4 $1
Be7 (35... h6 36. c6 $18 {after all}) 36. Nxe5 Bxc5 $2 37. Nd7+ {White would
like to keep rooks on} Ke7 38. Nxc5 Ra5 39. Rf3 $5 {Almost extravagant, when
just letting the rooks trade wins.} (39. Nb7) (39. Nb3) 39... Raxc5 40. Rxf7+
Kd6 41. Rxh7 $18 {*OH* that's a lot of pawns!}) 35... Rc7 $6 (35... h5 $1 $16
{leaves White with work to do.}) 36. Nd2 (36. g4 $1 h6 37. g5 hxg5 38. hxg5 Be7
39. Nxe5 Bxg5 40. Nxf7) 36... Be7 37. Rb3 Bc5 38. Nc4 f6 39. Rb8+ Kg7 40. Rg8+
Kh6 41. g4 Ra2 42. Kg3 $6 {Hangs on to the win, just.} (42. Be6 $1 Rxf2+ (42...
Rxc6 $2 43. Bf7) 43. Kg3 $18 {Black's king is in trouble.} Rf4 44. Bd7 Bf2+
(44... Be7 45. Ne3) 45. Kh3) 42... Bxf2+ $6 (42... Ra1 $1 {Forget the f-pawn,
stop mate!} 43. Kg2 $1 {Or try...} Rc1 44. g5+ $1 {With the e-pawn about to
hang White can plow ahead.} fxg5 (44... Kh5 45. gxf6) 45. hxg5+ Kh5 46. Nxe5
{Imagine 47.Nf3, 48.Kg3, 49.Be6, 50.Bg4 Mate. Now, stop it. Can't. (Well,
...Rxc6)}) 43. Kh3 {It works like a composition.} Bc5 44. g5+ fxg5 45. hxg5+
Kh5 46. Be6 {Yes some flaws, but beyond that a wonderful game by Conrado!} 1-0

[Event "2023 Spring TNM: 2000+"]
[Site "San Francisco"]
[Date "2023.03.07"]
[Round "1"]
[Board "3"]
[White "Snyder, Larry"]
[Black "Lessler, Peter"]
[Result "0-1"]
[WhiteElo "2069"]
[BlackElo "2251"]
[Annotator "Winslow,Elliott"]
[PlyCount "101"]
[EventDate "2023.??.??"]

{[%evp
0,101,35,13,13,-3,-14,-9,-1,-1,6,-11,-6,8,-9,-11,-38,-17,-4,10,10,5,30,-13,-3,-35,-18,19,51,10,10,20,14,0,12,-1,58,58,68,81,79,39,49,36,34,54,56,62,52,52,76,50,81,71,75,48,65,65,51,13,20,14,7,-45,-39,-49,-48,-43,-38,-50,-49,-50,-42,-50,-30,-38,-39,-76,-63,-55,-55,-55,-55,-72,-55,-55,-55,-230,-238,-245,-272,-276,-280,-290,-127,-92,-102,-121,-122,-222,-260,-347,-369,-403]}
1. Nf3 d5 2. g3 Nf6 3. Bg2 c5 4. O-O Nc6 5. d4 e6 6. c4 dxc4 7. Qa4 Bd7 8. dxc5
Bxc5 9. Qxc4 {[#] Not a particularly exciting defense to the Catalan, nor
popular. But at least Black has rooks connecting.} Qe7 (9... Be7 10. Nc3 O-O
{would keep to the orthodox. Here's a high-level if not too exciting
encounter:} 11. Rd1 Qa5 12. e4 Rfd8 13. Qe2 Ng4 14. h3 Nge5 15. Nxe5 Nxe5 16.
f4 Bc5+ 17. Kh2 Nc6 18. Be3 f6 19. Bxc5 Qxc5 20. e5 fxe5 21. Ne4 Qe7 22. fxe5
Nxe5 23. Nd6 Nf7 24. Nxb7 Rdc8 25. Rac1 Rxc1 26. Rxc1 Rc8 27. Qe3 Rxc1 28. Qxc1
Qe8 29. Qc5 Qb8 30. b4 (30. b3 $1) 30... g6 $6 31. Qe7 (31. a3 $1) 31... Ne5 $2
(31... Qe8) 32. Nc5 {Imperceptibly White has worked into a won position. Which
he then doesn't win. Just another 2700 vs. 2700 Catalan.} Qf8 33. Qg5 Nf7 34.
Qe3 Qe7 35. a4 e5 36. b5 Be8 37. Bd5 h5 38. Ne4 Kg7 39. Qc5 Qxc5 40. Nxc5 Nd6
41. Kg2 Kf6 42. Kf3 Nf5 43. Ne4+ Ke7 44. Ke2 Nd6 45. Kd3 Bd7 46. Nf2 Kd8 47.
Kc3 Kc7 48. Kb4 e4 49. Nxe4 Bxh3 50. Nxd6 Kxd6 51. Bf7 Bf5 52. a5 Bd3 53. Be8
Ke7 54. b6 axb6 55. axb6 Kd8 56. Kc3 Bb1 57. Kd4 Kc8 58. Ke5 Kb7 59. Kf6 Bf5
60. Bxg6 Bh3 61. Bxh5 Kxb6 62. Bg6 Bg4 63. Bf5 Be2 64. Kg5 Kc5 65. Bg4 Bb5 66.
Kf6 Kd4 67. Bf5 Be2 {½-½ Gelfand,B (2703)-Adams,M (2712) Olympiad-43 Batumi
2018 (8.1)}) 10. Nc3 (10. Bg5 $1 $14 {tries to turn the moderate development
advantage into something almost tangible: doubled pawns, a bishop retreat to b6
(when d6 is vaguely weakened), anything.}) 10... h6 $1 $11 {Time well spent.}
11. a3 Rc8 {The minus sign flickers here and there in the Stockfish evaluation,
but it returns to "0.00" every time.} 12. Qd3 O-O 13. b4 Bd6 (13... Bb6 {keeps
it pegged on the zeroes.}) 14. Rd1 Bb8 15. Bb2 Rfd8 16. Ne4 {[#]} e5 $6 (16...
Nxe4 17. Qxe4 e5) 17. Nd6 $14 {Now White can show off the Two Bishops for a
while.} Bxd6 18. Qxd6 Qxd6 $2 (18... Qe8 $1 {pushes back more successfully.})
19. Rxd6 $16 Ne8 {[#]} 20. Rd2 $6 (20. Rxd7 $1 Rxd7 21. Bh3 Rcd8 22. Bxd7 Rxd7
23. Nxe5 Rd2 24. Nxc6 bxc6 {when all three bishop moves (c1, c3, e5) lead to a
substantial ending advantage. If White were Fischer, Black could resign.})
20... e4 $1 {Staying in the "window."} 21. Ne5 Nxe5 (21... Bf5 $1) 22. Bxe5 Bc6
(22... Bf5) 23. Rad1 Rxd2 24. Rxd2 a6 25. f4 $6 (25. h4) (25. a4) 25... Kf8 $6
(25... exf3 26. exf3 f6 27. Bb2 (27. Bh3 Ra8 {woops}) 27... Kf7) 26. e3 (26. f5
$5) 26... Ke7 (26... h5) 27. Kf2 f6 28. Bd4 f5 {[#]} 29. Bf1 (29. Bh3 $1 Ke6
30. g4 g6 31. Bc5 $16 {has gotten uncomfortable.}) 29... Bb5 30. Bc5+ (30. Bh3
g6 31. g4 {still causes some trouble for Black.}) 30... Ke6 31. Bxb5 axb5 {[#]
So much for "just moving" (See Soltis's antecdote about Fischer in "What It
Takes to Become a Chess Master," the beginning of Chapter 4, "More." The
bishops are gone, as is the advantage.} 32. Ke2 Ra8 33. Ra2 Nc7 34. Bd4 g6 35.
Kd2 Nd5 36. Ra1 h5 {Now it's Black "playing for two results," evenif the
engines make it 0.00.} 37. h3 {This could come back to bite White.} Ne7 38. Bb2
$2 Nc8 $6 (38... Rd8+ $1 39. Ke2 Rd3 $19 {is too much.}) 39. Kc3 (39. Bd4)
39... Nb6 (39... Nd6) 40. Kb3 Nc4 41. Bd4 {[#]} Kd5 $2 (41... Nd2+ 42. Kc2 Nf3
$19) 42. Ra2 {A precarious but adequate defense...} Ra6 {[#]} 43. a4 $4 {Wrong
rook pawn.} (43. h4 {holds.}) 43... bxa4+ 44. Rxa4 Nd2+ 45. Ka3 Rxa4+ 46. Kxa4
Nf1 47. Kb5 Nxg3 48. Kb6 {Of course this required accurate calculation.} Ne2
(48... Kc4) 49. Bf6 Kc4 50. Be7 Nc3 51. Kxb7 {Here the only scoresheet turned
in has no more moves. Black is winning, and did win.} 0-1

[Event "2023 Spring TNM: 2000+"]
[Site "San Francisco"]
[Date "2023.03.07"]
[Round "1"]
[Board "4"]
[White "Winslow, Elliott"]
[Black "Hao, Max"]
[Result "1-0"]
[WhiteElo "2219"]
[BlackElo "2047"]
[Annotator "Winslow,Elliott C"]
[PlyCount "129"]
[EventDate "2023.??.??"]

{[%evp
0,129,23,23,27,-9,6,11,11,10,44,16,35,19,54,30,41,27,25,24,24,24,54,18,76,43,40,28,41,40,53,22,19,12,17,17,17,12,68,11,20,-6,0,-1,0,-16,-16,-44,-48,-66,-66,-57,-25,-44,-33,-19,-21,-21,-34,-42,-22,-96,-4,-45,-57,-153,-105,-105,55,32,33,33,34,42,43,43,43,43,78,58,55,73,82,45,40,39,54,22,68,36,36,0,84,36,62,46,36,36,73,36,155,165,173,165,229,276,387,389,403,399,399,339,412,420,432,363,400,399,1241,1314,1494,1956,2739,28502,29983,1029,1068,970,556,1873,29983,29988]}
{For some reason I didn't look up my previous games with Max. We'd played three
times, I'd had White in all three, two Najdorfs and a Tarrasch QGD, I was 3-0
(but the first game his rating was 1661). The Tarrasch had him playing the
latest Dubov treatment instantly against me, until he finally played an
infrerior "novelty" that got him in trouble.} 1. d4 d5 2. c4 e6 3. Nf3 Nf6 4.
Nc3 {How many moves do you thnk Black has here? *Nine* have been played over a
thousand times each!} c5 (4... Nc6 $6 {is kind of antithetical (I might say
"lame") and scores accordingly;}) (4... b6 {is also suspect; the other seven
are all logical, sensible moves:}) (4... Be7) (4... Bb4) (4... c6) (4... dxc4)
(4... Nbd7) (4... a6 $5) ({And then there's} 4... h6 $5 {which has been tossed
into the ring, by Carlsen no less. It'll be over 1000 in no time I'm sure. Ah,
I was looking at an old database: It's over 1300 instances!}) 5. cxd5 exd5
(5... Nxd5 {has been given the treatment lately at the highest level as well.})
6. Bg5 ({In our last game we transposed to} 6. g3 Nc6 7. Bg2 {when he blitzed
out the latest} cxd4 8. Nxd4 Bc5 {1-0 Winslow,E (2244)-Hao,M (1900) MI Peter
Grey TNM: 1800+ San Francisco 2022 (1.4) You can find it in the Archive.}) 6...
Be6 $5 {[#] This surprised me. Shows how out of touch I am: Carlsen is ½-1½
with it, the Indian kids have well over a dozen games, Firouzja -- well, he
lost. Altogether over 600 games.} 7. e3 {McDonnell-De Labourdonnais, 1834! I
wanted some sort of stock structure, but maybe blowing it up is the way to go.}
(7. e4 $5 dxe4 8. Nxe4 cxd4 (8... Be7 $5) 9. Bb5+ Bd7 10. O-O Be7 11. Bxf6 Bxb5
12. Bxe7 Qxe7 13. Re1 O-O 14. Nc3 Qd7 15. Ne5 Qe8 16. Qxd4 {1-0 Gurevich,D
(2470)-Ivanov,I (2530) New York Heraldica-Ruslan 1983 (2)}) ({Vidit played} 7.
dxc5 $5 Bxc5 8. e3 O-O 9. Be2 h6 10. Bh4 Nc6 11. O-O Rc8 12. Rc1 Be7 13. Nd4 a6
14. Nxc6 Rxc6 15. Bf3 Rc4 16. Bxf6 Bxf6 17. Nxd5 Rxc1 18. Nxf6+ Qxf6 19. Qxc1
Bxa2 20. Bxb7 Rb8 21. Qc7 Qd8 22. Rc1 Bc4 $1 {½-½ Vidit,S (2722)-Carlsen,M
(2870) Tata Steel India rapid Kolkata 2019 (6) and Magnus held the draw. Still,
it's nice to avoid Black's next move...}) 7... c4 $5 {More instant play from
Max.} 8. Be2 Nc6 ({Stockfish prefers} 8... Nbd7) 9. O-O $14 Be7 10. Ne5 Rc8
(10... h6 $5) 11. f4 $16 {[#]} Ng8 $5 (11... h6 12. Bxf6 Bxf6) 12. Bxe7 $6
{White has two superior continuations, one I saw (but nowhere near deeply
enough) and the other didn't even enter my short "candidate moves" list:} (12.
f5 $3 {I tried to take seriously but failed:} Bxg5 13. fxe6 Nxe5 14. dxe5 {I
stopped at "This is really bad for me" (I think I used a shorter version of
that)} fxe6 (14... Bxe3+ $2 15. Kh1 fxe6 16. Bh5+ g6 17. Qf3 $18) 15. e4 $1
Qb6+ (15... d4 16. Nb5 $18) 16. Kh1 d4 17. Qa4+ Qc6 18. Nb5 d3 $1 19. Bxd3 $1
cxd3 20. Nd6+ Kd7 21. Qd4 $1 $18 {There was no way I was seeing all that!})
(12. e4 $5 {really throws it all up in the air, and I think I didn't consider
it (maybe I did, but quickly backed off).} f6 $5 (12... dxe4 13. d5 $1 $18
{What?}) 13. f5 $1 ({Or maybe} 13. Bh5+ $1) 13... fxe5 14. Bxe7 Ngxe7 15. fxe6
{Even now I'm glazing over.}) 12... Ngxe7 {[#]} 13. Qd2 $6 {Trying to keep it
from being clearly nothing.} (13. b3 cxb3 14. Nxc6 bxc6 15. axb3 {is a quickly
dwindling plus}) 13... f6 (13... a6 $1 {so now he could take with the rook.})
14. Nxc6 Nxc6 (14... Rxc6 $6 15. b3 $16 {successfully fights for the center.})
15. b3 $6 (15. Rad1 O-O 16. e4 $14) 15... cxb3 (15... Na5 $1 $11) 16. axb3 O-O
17. f5 $6 (17. b4 $1 $14 Nxb4 $2 (17... g6 18. Ra2 {some slight pressure
against Black's queenside}) 18. Rxa7 $16 {feels like some sort of successful
Minority Attack: the pawns might just be weaker than strong (as in, a passed
pawn on the 2nd rank).}) 17... Bf7 18. Bf3 $6 (18. b4 $11) 18... Na5 (18... a5
$5) 19. Rab1 b6 20. Be2 {No work on one diagonal, try the original one} Qd7 21.
Ba6 Rc7 22. Qd3 $6 (22. Nb5 Rc6 $11) 22... Nc6 {I walked into *that* tactic}
23. b4 (23. Nb5 $4 Nb4) 23... Nb8 $1 $15 24. Ne2 (24. Ra1 $15) 24... Nxa6 25.
Qxa6 $17 Qe7 $6 {Various rook moves from f8} 26. Qd3 $1 Re8 27. Rb3 {White is
close to equality (oh joy)} Rec8 (27... a5 $1) 28. b5 {[#]} g5 $1 29. h3 $2
(29. fxg6 Bxg6 (29... hxg6 30. h4 $1 $11) 30. e4 $3 {actually keeps the
balance. Stunning. Never entered my mind.}) 29... Qe4 {A surprise, which
"works"} (29... Rc4 $15) 30. Ng3 $2 (30. Re1 {gives him a chance to
"reconsider' with} Qe7) ({I had miscalculated} 30. Qxe4 $1 dxe4 31. Rb2 Rc2 $2
{(I thought good for him)} (31... h5 $11) (31... Kg7 $11) (31... Bc4 $11) 32.
Rxc2 $1 Rxc2 33. Ng3 Bd5 (33... Bc4 $2 34. Ra1 $18 Bxb5 35. Rxa7) 34. Ra1 Rc7
35. Kh2 $14 {I could live with this.}) 30... Qh4 $2 (30... Qxd3 31. Rxd3 h5 $1
{and White will be too off balance after ...h4 and ...Be8.} ({or} 31... Be8))
31. Kh2 $6 (31. Ne2 $11) 31... Rc2 {[#]} (31... Qh6 32. Ne2 Qf8 $15 {and back
around}) 32. Ne2 $4 (32. Rd1 {should hold (33.Rd2 dampens the problems).})
32... Qe4 $1 $19 {THIS time it's quite a different story!} 33. Re1 Ra2 $4 {[#]}
(33... Bh5 $1 {shakes White down.} 34. g4 Qxd3 (34... Qf3 $5) 35. Rxd3 Be8 36.
Rb3 Rd2 37. Kg2 Rcc2 38. Kf3 h5 $19 {It's going to be ...h4, ...Kf8-e7-d6, and
...Rb2.}) 34. Qxe4 $1 dxe4 35. Rc3 $1 $16 {He admitted he missed this saving
grace. I didn't realize how good it is.} Rc2 (35... Rc4 $1 36. Rxc4 Bxc4 37.
Nc3 Rc2 38. Nxe4 Bxb5 39. Nxf6+ Kg7 40. Ng4 h5 41. Ne5 Kf6 42. e4 Rd2 43. Nf3
Rd3 44. Kg3 $16 {was quite a forcing sequence, with nothing clear on the
horizon.}) 36. Rxc8+ Rxc8 37. Ra1 (37. Rc1 $4 Rxc1 38. Nxc1 Bc4 $19) 37... Rc7
{(He offered a draw. I wrote "1/2?" on my scoresheet and then played on. I was
perusing the Rules today and see you're supposed to write (=), which I think is
all wrong. In fact, a draw offer often means "You're winning, please don't
notice and take the draw." (Except when it doesn't of course)} 38. Ra3 {Anyway,
I (often) quote from R & B (no, not Rhythm and Blues! Rocky and Bullwinkle!)
Natasha: "Boris, you have plan?"  Boris: "Of course I have plan! Plan not
always work..."} Bd5 $6 (38... Bc4 $142 39. Rc3 $1 (39. Nc3 Bd3 40. d5 Kf8 41.
d6 Rd7 42. Kg3 h5 43. h4 Ke8) 39... a6 $5 40. bxa6 b5 $1 41. Ra3 $8 (41. Ng3
Ra7 $1) 41... Ra7 $1 $16 42. Ng3 Bd3 43. h4 $5 {teeters on winning.}) 39. Nc3
Rd7 40. Kg3 Ba8 41. Kf2 $2 (41. Kg4) (41. h4) 41... h5 $1 $16 42. g3 Kf8 43.
Ke2 h4 $2 (43... Ke7 $1 $14) 44. g4 Bd5 45. Kd2 (45. Nxd5 Rxd5 46. Rb3 Rd8 47.
Kd2 $18 {which I really was not sure of at the time. (Which, by the way, I had
little of)}) 45... Ke8 $6 46. Ra4 (46. Nxd5 $1 Rxd5 47. Rxa7 Rxb5 48. Kc3 $18
{[#] White's king is slipping into d5 and further.}) 46... Kd8 (46... Ba8 $1)
47. Kc2 {Yes, again} Ba8 {Ratz!} 48. Kb3 Kc8 49. Rc4+ Kb8 50. Kb4 Bb7 {[#]} 51.
d5 $1 Re7 52. Rxe4 Rxe4+ 53. Nxe4 Bxd5 54. Nxf6 Bf3 $5 (54... Bg2 55. Nh7 Kc7
(55... Bxh3 56. f6) 56. f6 Bd5 57. Nxg5 Kd6 58. Kc3 Kc5 59. e4 Ba2 60. f7) 55.
e4 (55. Nh7 $1 Bxg4 56. f6 Bh5 57. Nxg5) 55... Kc7 56. e5 Kd8 57. Kc4 (57. Nh7)
57... Ke7 58. Nd5+ Kd8 59. e6 Be2+ 60. Kd4 Bxb5 61. f6 Bc6 62. e7+ $2 (62. f7)
62... Ke8 63. Ke5 $6 {[#]} (63. Ne3 $1 {is easy -- in fact, mate in 12.}) 63...
b5 (63... Bxd5 $1 64. Kxd5 Kd7 {I thought this draws! But my pawns are just too
far advanced and his not far enough:} 65. Ke5 $1 b5 66. Kf5 b4 67. Kg6 ({or}
67. Kxg5 b3 68. Kg6 b2 69. Kf7 {also wins}) 67... Ke8 68. Kg7 {and that f-pawn,
which I so brutishly pushed back on moves 11 and 17, is the hero.}) 64. Nb4 Bd7
65. Kd6 1-0